000 00775nam a2200253 a 4500
001 72723
003 BD-RjUL
005 20211209082313.0
008 170522s1967 enka b 000 0 eng d
035 _a(BD-RjUL)72941
040 _aCOO
_cCOO
_dUKM
_dEQO
_dBD-RjUL
_beng
041 _aeng
082 0 4 _223
_a584.90941
_bTHC 1967
100 1 _aThomas, John Owen
_d1904-
_9215111
245 1 0 _aCommon British grasses and legumes /
_cby J. O. Thomas and L. J. Davies.
250 _a4th ed.
260 _aLondon :
_bLongmans,
_cc1964 [Impression 1967]
300 _a122 p. :
_billus. ;
_c23 cm.
504 _aBibliography: p. 114.
650 0 _aGrasses
_zGreat Britain.
_9215112
650 0 _aLegumes.
_9215113
700 1 _aDavies, Lionel James
_d1912-
_9215114
942 _2ddc
_cBK
999 _c72723
_d72723